Welcome to CU Library Online Public Access Catalogue (OPAC)

Contract law : (Record no. 4527)

MARC details
000 -LEADER
fixed length control field 01199cam a22003254a 4500
001 - CONTROL NUMBER
control field 12387064
003 - CONTROL NUMBER IDENTIFIER
control field OSt
005 - DATE AND TIME OF LATEST TRANSACTION
control field 20250305195712.0
008 - FIXED-LENGTH DATA ELEMENTS--GENERAL INFORMATION
fixed length control field 000920s2000 enk b 001 0 eng
010 ## - LIBRARY OF CONGRESS CONTROL NUMBER
LC control number 2001369327
020 ## - INTERNATIONAL STANDARD BOOK NUMBER
International Standard Book Number 0406934134
035 ## - SYSTEM CONTROL NUMBER
System control number (UkLWHE)b000083370
040 ## - CATALOGING SOURCE
Original cataloging agency DLC
Transcribing agency DLC
Modifying agency DLC
042 ## - AUTHENTICATION CODE
Authentication code pcc
043 ## - GEOGRAPHIC AREA CODE
Geographic area code e-uk---
050 00 - LIBRARY OF CONGRESS CALL NUMBER
Classification number KD1554.Z9
Item number B76 2000
082 00 - DEWEY DECIMAL CLASSIFICATION NUMBER
Classification number 346.4102
Edition information 21
100 1# - MAIN ENTRY--PERSONAL NAME
Personal name Brownsword, Roger.
245 10 - TITLE STATEMENT
Title Contract law :
Remainder of title themes for the Twenty-First Century /
Statement of responsibility, etc. Roger Brownsword.
260 ## - PUBLICATION, DISTRIBUTION, ETC.
Place of publication, distribution, etc. London :
Name of publisher, distributor, etc. Butterworths,
Date of publication, distribution, etc. 2000.
300 ## - PHYSICAL DESCRIPTION
Extent xxix, 237 p. ;
Dimensions 22 cm.
504 ## - BIBLIOGRAPHY, ETC. NOTE
Bibliography, etc. note Includes bibliographical references and index.
650 #0 - SUBJECT ADDED ENTRY--TOPICAL TERM
Topical term or geographic name entry element Contracts
Geographic subdivision Great Britain.
856 42 - ELECTRONIC LOCATION AND ACCESS
Materials specified Publisher description
Uniform Resource Identifier <a href="http://www.loc.gov/catdir/enhancements/fy0638/2001369327-d.html">http://www.loc.gov/catdir/enhancements/fy0638/2001369327-d.html</a>
856 41 - ELECTRONIC LOCATION AND ACCESS
Materials specified Table of contents only
Uniform Resource Identifier <a href="http://www.loc.gov/catdir/enhancements/fy0638/2001369327-t.html">http://www.loc.gov/catdir/enhancements/fy0638/2001369327-t.html</a>
856 42 - ELECTRONIC LOCATION AND ACCESS
Materials specified Contributor biographical information
Uniform Resource Identifier <a href="http://www.loc.gov/catdir/enhancements/fy0724/2001369327-b.html">http://www.loc.gov/catdir/enhancements/fy0724/2001369327-b.html</a>
906 ## - LOCAL DATA ELEMENT F, LDF (RLIN)
a 7
b cbc
c origres
d 2
e ncip
f 20
g y-gencatlg
942 ## - ADDED ENTRY ELEMENTS (KOHA)
Source of classification or shelving scheme Library of Congress Classification
Koha item type Books
Suppress in OPAC No
Holdings
Withdrawn status Lost status Source of classification or shelving scheme Damaged status Not for loan Collection Home library Current library Shelving location Date acquired Total checkouts Full call number Barcode Date last seen Copy number Price effective from Koha item type
    Library of Congress Classification     Non-fiction Law Library (Christ Temple) Law Library (Christ Temple) General stacks 03/05/2025   KD1554.Z9B76 BRO LLCT00000473 03/05/2025 1 03/05/2025 Books
    Library of Congress Classification     Non-fiction Law Library (Christ Temple) Law Library (Christ Temple) General stacks 03/05/2025   KD1554.Z9B76 BRO LLCT00000474 03/05/2025 2 03/05/2025 Books
© 2023-2024 Copyright: Central University Libraries. All Rights Reserved | Created by: Mahone Tech Office